|
|
|
|
| LEADER |
00000nam0a2200000 4500 |
| 001 |
300439 |
| 005 |
20231102001312.0 |
| 020 |
|
|
|a RU
|b 82-85257
|
| 035 |
|
|
|a (RuTPU)RU\TPU\book\325592
|
| 090 |
|
|
|a 300439
|
| 100 |
|
|
|a 20150710d1982 km y0rusy5003 ca
|
| 101 |
0 |
|
|a rus
|
| 102 |
|
|
|a RU
|
| 105 |
|
|
|a a z 001zy
|
| 200 |
1 |
|
|a Размерный контроль в машиностроении
|f В. А. Чудов, Ф. В. Цидулко, Н. И. Фрейдгейм
|
| 210 |
|
|
|a Москва
|c Машиностроение
|d 1982
|
| 215 |
|
|
|a 328 с.
|c черт.
|
| 320 |
|
|
|a Библиогр.: с. 324-326
|
| 606 |
1 |
|
|a Детали машин
|x Размеры
|x Технический контроль,автоматический
|x Технический контроль, пневматический
|2 stltpush
|3 (RuTPU)RU\TPU\subj\9209
|9 36486
|
| 610 |
1 |
|
|a размерный контроль
|
| 610 |
1 |
|
|a взаимозаменяемость
|
| 610 |
1 |
|
|a измерения
|
| 610 |
1 |
|
|a меры
|
| 610 |
1 |
|
|a механические приборы
|
| 610 |
1 |
|
|a оптические приборы
|
| 610 |
1 |
|
|a пневматические приводы
|
| 610 |
1 |
|
|a цилиндрические соединения
|
| 610 |
1 |
|
|a допуски
|
| 610 |
1 |
|
|a посадки
|
| 610 |
1 |
|
|a шероховатость
|
| 610 |
1 |
|
|a поверхности
|
| 610 |
1 |
|
|a резьбы
|
| 610 |
1 |
|
|a точность
|
| 610 |
1 |
|
|a автоматизированная контроля
|
| 675 |
|
|
|a 621.81:531.7
|z rus
|v 3
|
| 700 |
|
1 |
|a Чудов
|b В. А.
|g Владимир Алексеевич
|4 070
|
| 701 |
|
1 |
|a Цидулко
|b Ф. В.
|g Феликс Вольфович
|
| 701 |
|
1 |
|a Фрейдгейм
|b Н. И.
|g Натан Исаакович
|
| 801 |
|
0 |
|a RU
|b RuMRKP
|c 19950704
|g psbo
|
| 801 |
|
1 |
|a RU
|b 63413507
|c 20150710
|
| 801 |
|
2 |
|a RU
|b 63413507
|c 20190614
|g RCR
|
| 942 |
|
|
|c BK
|